Problemas ecológicos. Modelo económico /
Guardado en:
| Autor principal: | |
|---|---|
| Formato: | Texto |
| Materias: | |
| Etiquetas: |
Agregar Etiqueta
Sin Etiquetas, Sea el primero en etiquetar este registro!
|
MARC
| LEADER | 00000 a a2200000 04500 | ||
|---|---|---|---|
| 001 | 11949 | ||
| 003 | |||
| 040 | |||
| 100 | |a Brisson, Maryse | ||
| 245 | |a Problemas ecológicos. Modelo económico / |c Maryse Brisson | ||
| 650 | |a ECOSISTEMAS | ||
| 650 | |a ECOLOGIA | ||
| 650 | |a EQUILIBRIO ECOLOGICO | ||
| 650 | |a MEDIO AMBIENTE | ||
| 650 | |a DESARROLLO SOSTENIBLE | ||
| 773 | |g número 94; páginas 1-13 | ||
| 999 | |c 38785 |d 38785 | ||
| 773 | 0 | |0 41641 |9 2526 |a Departamento Ecuménico de Investigaciones (DEI) |d San José, Costa Rica Departamento Ecuménico de Investigaciones (DEI) |o 20170 |t Pasos / | |
